000 00479nam a22001817a 4500
005 20260511120955.0
008 260511b |||||||| |||| 00| 0 eng d
020 _a9780852244517
_c4124.69
040 _aMAIN
041 _aEnglish
082 _a414.8
_bABE
100 _a Abercrombie, David
_922466
245 _aElements of General Phonetics
260 _aEdinburgh
_bEdinburgh University Press
_c2000
300 _a203
650 _aEconomics (PM USHA)
_926774
942 _cBK
999 _c60753
_d60753